[Event "Gibraltar Open"]
[Site "Caleta ENG"]
[Date "2012.01.27"]
[Round "4.73"]
[White "Wantiez, Fabrice"]
[Black "Amos, Frank"]
[Result "1-0"]
[WhiteTitle "FM"]
[WhiteElo "2366"]
[BlackElo "2171"]
[WhiteFideId "202274"]
[BlackFideId "4635442"]
[EventDate "2012.01.24"]

1. e4 e5 2. Nf3 Nc6 3. Bb5 a6 4. Ba4 Nf6 5. O-O Nxe4 6. d4 b5 7. Bb3 d5 8. dxe5
Be6 9. Nbd2 Be7 10. c3 Bg4 11. Nxe4 dxe4 12. Qd5 O-O 13. Qxe4 Bxf3 14. gxf3 Na5
15. Bc2 g6 16. Bh6 Re8 17. f4 Nc4 18. Rad1 Qc8 19. f5 Bd6 20. e6 Ne5 21. f4 Nc4
22. exf7+ Kxf7 23. fxg6+ 1-0

[Event "Gibraltar Open"]
[Site "Caleta ENG"]
[Date "2012.01.27"]
[Round "4.74"]
[White "Coleman, Teddy"]
[Black "Walton, Alan J"]
[Result "1-0"]
[WhiteTitle "FM"]
[BlackTitle "CM"]
[WhiteElo "2356"]
[BlackElo "2161"]
[WhiteFideId "2022010"]
[BlackFideId "409898"]
[EventDate "2012.01.24"]

1. c4 f5 2. Nc3 Nf6 3. g3 d6 4. Bg2 e5 5. e3 Be7 6. Nge2 O-O 7. d4 c6 8. b4 Qe8
9. Ba3 Nbd7 10. Qb3 Qf7 11. b5 e4 12. Na4 Rd8 13. O-O Nf8 14. f3 Bd7 15. bxc6
exf3 16. cxd7 fxg2 17. Rxf5 Qe6 18. c5 d5 19. Re5 Qxd7 20. c6 Qg4 21. Bxe7 Qxe2
22. Nc3 Qf3 23. Bxd8 Rxd8 24. Qd1 Qxd1+ 25. Rxd1 bxc6 26. Kxg2 Ng4 27. Re7 Ng6
28. Rxa7 Nxe3+ 29. Kf3 Nxd1 30. Nxd1 Kf8 31. Ne3 Re8 32. Nf5 c5 33. dxc5 Ne5+
34. Kg2 Rc8 35. Nxg7 Kg8 36. Ne6 Rc6 37. Ra8+ 1-0

[Event "Gibraltar Open"]
[Site "Caleta ENG"]
[Date "2012.01.27"]
[Round "4.76"]
[White "Gislason, Gudmundur"]
[Black "Weber, Francois ESP"]
[Result "1-0"]
[WhiteElo "2332"]
[BlackElo "2155"]
[WhiteFideId "2300559"]
[BlackFideId "2291690"]
[EventDate "2012.01.24"]

1. d4 d6 2. Nf3 f5 3. g3 g6 4. Bg2 Nf6 5. c4 Bg7 6. O-O O-O 7. b3 c6 8. Bb2 Na6
9. Nc3 Rb8 10. e3 Qe8 11. d5 c5 12. Nb5 Bd7 13. Nxa7 Ra8 14. Nb5 Bxb5 15. cxb5
Qxb5 16. Ng5 Bh6 17. Ne6 Rfc8 18. a4 Qa5 19. Qe2 Nb4 20. Qc4 Qa6 21. Qh4 Bg7 22.
Nxg7 Kxg7 23. e4 Nd3 24. Bc3 Ne5 25. exf5 Qd3 26. Bxe5 dxe5 27. Rae1 Qxb3 28.
Rxe5 Rc7 29. Rfe1 Ng8 30. Rxe7+ Rxe7 31. f6+ Kh8 32. fxe7 1-0

[Event "Gibraltar Open"]
[Site "Caleta ENG"]
[Date "2012.01.27"]
[Round "4.78"]
[White "Boesch, Dirk"]
[Black "Phadke, Sohan"]
[Result "0-1"]
[WhiteElo "2131"]
[BlackElo "2290"]
[WhiteFideId "4670639"]
[BlackFideId "5016223"]
[EventDate "2012.01.24"]

1. d4 d5 2. c4 e6 3. Nf3 c5 4. cxd5 exd5 5. g3 Nf6 6. Bg2 Nc6 7. Nc3 Be7 8. O-O
O-O 9. Bg5 c4 10. Ne5 Be6 11. Nxc6 bxc6 12. b3 Qa5 13. Qd2 Rad8 14. Rfc1 h6 15.
Bf4 Ba3 16. Rc2 Bf5 17. Ne4 Qxd2 18. Nxf6+ gxf6 19. Rxd2 c3 20. Rd3 Bxd3 21.
exd3 Rfe8 22. Kf1 Re7 23. Bc1 Bb2 0-1

[Event "Gibraltar Open"]
[Site "Caleta ENG"]
[Date "2012.01.27"]
[Round "4.80"]
[White "Hallerod, Ralph"]
[Black "Borosova, Zuzana"]
[Result "1/2-1/2"]
[BlackTitle "WGM"]
[WhiteElo "2124"]
[BlackElo "2284"]
[WhiteFideId "1705644"]
[BlackFideId "14905779"]
[EventDate "2012.01.24"]

1. d4 Nf6 2. c4 c5 3. e3 g6 4. Nc3 Bg7 5. g3 cxd4 6. exd4 d5 7. c5 O-O 8. Nf3 b6
9. cxb6 Qxb6 10. Na4 Qe6+ 11. Be2 Ne4 12. O-O Ba6 13. Re1 Bxe2 14. Rxe2 Qf5 15.
Rc2 Na6 16. Be3 Rac8 17. Rac1 Rxc2 18. Rxc2 Qd7 19. Rc1 Rc8 20. a3 e6 21. b3 Bf8
22. Ne5 Rxc1 23. Qxc1 Qc7 24. Nc6 Nb8 25. Nxb8 Qxb8 26. b4 Qb5 27. Nc3 Qd3 28.
Nxe4 dxe4 29. Qc8 Qxa3 30. d5 Qxb4 31. dxe6 Qe7 32. Bh6 fxe6 33. Bxf8 Qxf8 34.
Qxe6+ Qf7 35. Qxe4 Qc7 36. Qd5+ 1/2-1/2

[Event "Gibraltar Open"]
[Site "Caleta ENG"]
[Date "2012.01.27"]
[Round "4.82"]
[White "Navarrete Espi, Samuel"]
[Black "Adrian, Claude"]
[Result "0-1"]
[BlackTitle "IM"]
[WhiteElo "2120"]
[BlackElo "2271"]
[WhiteFideId "2237725"]
[BlackFideId "601071"]
[EventDate "2012.01.24"]

1. e4 e6 2. d4 d5 3. Nc3 Bb4 4. e5 c5 5. a3 Bxc3+ 6. bxc3 Qa5 7. Bd2 Qa4 8. Qg4
g6 9. Nf3 Qxc2 10. dxc5 Nd7 11. Nd4 Nxe5 12. Qg3 Qe4+ 13. Be2 Nc6 14. Nb5 Kf8
15. Nc7 Rb8 16. Qd6+ Nge7 17. Bh6+ Kg8 18. Ne8 Qh4 19. Bg7 g5 20. g3 Qh3 21. Bg4
Qxg4 22. Nf6+ Kxg7 23. Nxg4 Rd8 24. h4 Rxd6 25. cxd6 e5 26. Nxe5 Nxe5 27. dxe7
Bg4 28. hxg5 Re8 29. f4 Nc4 30. O-O Rxe7 31. Rfe1 Rxe1+ 32. Rxe1 Nxa3 33. Re7
Nc4 34. Rxb7 a5 35. Ra7 Bd1 36. f5 a4 37. Ra8 a3 38. Kf2 Bg4 39. f6+ Kg6 40.
Rg8+ Kf5 41. Rf8 Ke6 42. Re8+ Kd6 43. Re7 Bd7 44. Re1 Bf5 45. Re7 a2 46. Ra7 Bb1
47. Ke2 Kc5 48. Ra4 Kb5 49. Ra8 Na5 50. Rb8+ Ka4 51. Rb4+ Ka3 52. Rb7 0-1

[Event "Gibraltar Open"]
[Site "Caleta ENG"]
[Date "2012.01.27"]
[Round "4.83"]
[White "Bisby, Daniel L"]
[Black "Isherwood, Paul"]
[Result "1-0"]
[WhiteTitle "FM"]
[WhiteElo "2264"]
[BlackElo "2042"]
[WhiteFideId "404586"]
[BlackFideId "410314"]
[EventDate "2012.01.24"]

1. e4 e5 2. Nf3 d6 3. d4 Nf6 4. dxe5 Nxe4 5. Bc4 c6 6. O-O d5 7. Bd3 Nc5 8. Re1
Nxd3 9. Qxd3 Be7 10. Nc3 Na6 11. Nd4 O-O 12. Bf4 Nb4 13. Qd2 Be6 14. a3 Na6 15.
Bg3 Nc7 16. Rad1 a6 17. h3 Nb5 18. Ncxb5 axb5 19. f4 Ra4 20. Kh2 Qd7 21. Rf1 c5
22. Nf3 Rd8 23. Bf2 h5 24. Bh4 Bf5 25. Rf2 Be4 26. Bxe7 Qxe7 27. Qe2 Qd7 28. Ng5
g6 29. b3 Rd4 30. Rxd4 cxd4 31. Nxe4 dxe4 32. Qxe4 Qc6 33. Qd3 Qd5 34. Re2 Re8
35. e6 f5 36. Re5 1-0

[Event "Gibraltar Open"]
[Site "Caleta ENG"]
[Date "2012.01.27"]
[Round "4.84"]
[White "Arvola, Benjamin"]
[Black "Marder, Simon"]
[Result "1-0"]
[WhiteElo "2261"]
[BlackElo "2032"]
[WhiteFideId "1506536"]
[BlackFideId "1704540"]
[EventDate "2012.01.24"]

1. Nf3 d6 2. d4 Bg4 3. g3 Bxf3 4. exf3 c6 5. Bg2 g6 6. O-O d5 7. Re1 Bg7 8. c3
Nd7 9. f4 e6 10. h4 Ne7 11. h5 O-O 12. Nd2 c5 13. Nf3 Nc6 14. dxc5 Nxc5 15. Ng5
d4 16. cxd4 Qxd4 17. hxg6 hxg6 18. Be3 Qxd1 19. Raxd1 Na4 20. Rd7 Bxb2 21. Rxb7
Rac8 22. Rd1 Rfd8 23. Rxd8+ Nxd8 24. Rb4 1-0

[Event "Gibraltar Open"]
[Site "Caleta ENG"]
[Date "2012.01.27"]
[Round "4.85"]
[White "Dasaolu, Adeoye"]
[Black "Nuri, Kambez"]
[Result "0-1"]
[BlackTitle "FM"]
[WhiteElo "2103"]
[BlackElo "2256"]
[WhiteFideId "416061"]
[BlackFideId "1311433"]
[EventDate "2012.01.24"]

1. Nf3 Nf6 2. d4 g6 3. c4 Bg7 4. Nc3 O-O 5. g3 d6 6. Bg2 Nbd7 7. O-O e5 8. h3 c6
9. e4 Re8 10. d5 c5 11. Ne1 Nh5 12. Nd3 Nb6 13. g4 Nf4 14. Nxf4 exf4 15. Bxf4
Nxc4 16. Qb3 Qf6 17. Bg3 Nd2 18. Qb5 Rd8 19. Rfd1 Nf3+ 20. Kh1 Nd4 21. Qd3 b5
22. f4 Qe7 23. Nxb5 Ba6 24. a4 Rab8 25. Ra2 Bxb5 26. axb5 Rxb5 27. Be1 Rb3 28.
Bc3 Rdb8 29. Rda1 Nb5 30. e5 dxe5 31. d6 Qxd6 32. Qxd6 Nxd6 33. fxe5 Nb5 34. Rf1
Nxc3 35. bxc3 Bxe5 36. Bd5 Rb1 37. Bxf7+ Kg7 38. Bc4 R8b7 39. Rxb1 Rxb1+ 40. Kg2
Rb7 41. Bd5 Re7 42. c4 Kf6 43. h4 Bd4 44. Kf3 Bc3 45. Kf4 a5 46. g5+ Kg7 47. Kg4
Ra7 48. Re2 a4 49. Re8 h5+ 50. gxh6+ Kxh6 51. Be4 a3 52. Re6 Kg7 53. Rxg6+ Kf7
54. Kf5 a2 55. Bd5+ Kf8 0-1

[Event "Gibraltar Open"]
[Site "Caleta ENG"]
[Date "2012.01.27"]
[Round "4.87"]
[White "Jameson, David"]
[Black "Kulkarni, Rakesh"]
[Result "1/2-1/2"]
[WhiteElo "2077"]
[BlackElo "2252"]
[WhiteFideId "1801538"]
[BlackFideId "5037077"]
[EventDate "2012.01.24"]

1. d4 Nf6 2. c4 e5 3. dxe5 Ng4 4. Bf4 g5 5. Bd2 Bg7 6. Nf3 h6 7. Bc3 Nc6 8. e3
Qe7 9. Nd4 Nxd4 10. exd4 d6 11. Be2 dxe5 12. O-O Nf6 13. dxe5 Ne4 14. e6 Nxc3
15. exf7+ Qxf7 16. Nxc3 O-O 17. Bh5 Qxc4 18. Nd5 Bf5 19. Ne7+ Kh8 20. Nxf5 Rxf5
21. Rc1 Qxa2 22. Rxc7 Qxb2 23. Bg6 Rf6 24. Bc2 Rc6 25. Rxc6 bxc6 26. Qd3 Kg8 27.
Rb1 Qf6 28. Bb3+ Kh8 29. Bc2 Kg8 30. Bb3+ Kh8 31. Bc2 Kg8 32. Bb3+ 1/2-1/2

[Event "Gibraltar Open"]
[Site "Caleta ENG"]
[Date "2012.01.27"]
[Round "4.88"]
[White "Eriksen, Magnus"]
[Black "Byron, Alan M"]
[Result "1/2-1/2"]
[WhiteElo "2076"]
[BlackElo "2241"]
[WhiteFideId "1509764"]
[BlackFideId "401773"]
[EventDate "2012.01.24"]

1. d4 Nf6 2. Nf3 d5 3. c4 e6 4. Nc3 Be7 5. Bg5 O-O 6. Bxf6 Bxf6 7. Qb3 c6 8. e3
b6 9. Rd1 Bb7 10. Bd3 Nd7 11. O-O g6 12. Rfe1 Bg7 13. cxd5 exd5 14. e4 dxe4 15.
Bxe4 Nf6 16. Bd3 Qd6 17. Ne5 Rad8 18. Bc4 Nd5 19. Ne4 Qc7 20. Ng5 Bc8 21. Rc1
Qb7 22. Ngf3 Be6 23. Ng5 Bc8 24. Ngf3 Be6 25. Ng5 1/2-1/2

[Event "Gibraltar Open"]
[Site "Caleta ENG"]
[Date "2012.01.27"]
[Round "4.89"]
[White "Thorell, Viktor"]
[Black "Stone, Andrew M"]
[Result "0-1"]
[WhiteElo "2046"]
[BlackElo "2237"]
[WhiteFideId "1715488"]
[BlackFideId "404985"]
[EventDate "2012.01.24"]

1. Nf3 Nf6 2. d4 e6 3. e3 c5 4. Bd3 b6 5. b3 Bb7 6. Bb2 Be7 7. O-O O-O 8. Nbd2
Nc6 9. c4 Qc7 10. Ne5 d6 11. Nxc6 Bxc6 12. e4 cxd4 13. Bxd4 Qb7 14. Re1 Rad8 15.
f4 e5 16. Bb2 exf4 17. Bc2 Nd7 18. Qg4 Ne5 19. Qxf4 Bf6 20. Rab1 Rde8 21. Qg3
Re6 22. Rf1 Be7 23. Bd4 Rg6 24. Qc3 Bf6 25. Rbe1 Re8 26. a4 Bd7 27. b4 Qc7 28.
Bb3 Be6 29. Kh1 Rh6 30. Rc1 Bg4 31. Rf2 Bh5 32. Nf3 Ng4 33. Rd2 Rxe4 34. Bxf6
Rxf6 35. c5 dxc5 36. Qd3 Re8 37. bxc5 bxc5 38. Qd5 g6 39. Qxc5 Qxc5 40. Rxc5
Re1+ 0-1

[Event "Gibraltar Open"]
[Site "Caleta ENG"]
[Date "2012.01.27"]
[Round "4.90"]
[White "Lam, Daniel King-wai"]
[Black "Rowe, Duane"]
[Result "1/2-1/2"]
[BlackTitle "CM"]
[WhiteElo "2022"]
[BlackElo "2236"]
[WhiteFideId "6001238"]
[BlackFideId "7400268"]
[EventDate "2012.01.24"]

1. d4 Nf6 2. c4 c5 3. d5 e6 4. Nc3 exd5 5. cxd5 d6 6. e4 g6 7. f3 a6 8. Bg5 h6
9. Be3 b5 10. Qd2 Qa5 11. Nge2 Nbd7 12. Nc1 Bg7 13. Be2 Ne5 14. O-O Nc4 15. Bxc4
bxc4 16. Qe2 O-O 17. Qxc4 Re8 18. Bf4 Qd8 19. N1e2 Rb8 20. Rab1 Nh5 21. Be3 Rb4
22. Qd3 f5 23. Nf4 Nxf4 24. Bxf4 Qb6 25. Qd2 g5 26. Bg3 Bd4+ 27. Kh1 Bd7 28. Qc2
f4 29. Bf2 Be5 30. b3 1/2-1/2

[Event "Gibraltar Open"]
[Site "Caleta ENG"]
[Date "2012.01.27"]
[Round "4.92"]
[White "Fransson, Angelina"]
[Black "Benmesbah, Natacha"]
[Result "0-1"]
[BlackTitle "WIM"]
[WhiteElo "1967"]
[BlackElo "2228"]
[WhiteFideId "1712632"]
[BlackFideId "642002"]
[EventDate "2012.01.24"]

1. e4 c5 2. d3 Nc6 3. g3 d5 4. Nd2 Nf6 5. Bg2 e5 6. Ngf3 Bd6 7. O-O O-O 8. c3
Re8 9. exd5 Nxd5 10. Nc4 Nf6 11. Ng5 Bf8 12. Qb3 Qxd3 13. Ne3 Qg6 14. Nd5 Nxd5
15. Bxd5 Nd8 16. Qa4 Re7 17. Be3 h6 18. Nf3 Bd7 19. Qa3 e4 20. Nh4 Qh5 21. Bxc5
Re5 22. c4 Nc6 23. Bxf8 Rxf8 24. Rad1 Bg4 25. f3 exf3 26. Nxf3 Re2 27. h4 Qg6
28. Rde1 Bh3 29. Ng5 Rxe1 30. Rxe1 hxg5 31. Kh2 Bf5 32. Qf3 gxh4 33. gxh4 Qg4
34. Qxg4 Bxg4 35. Rg1 Be6 36. h5 Bxd5 37. cxd5 Ne5 0-1

[Event "Gibraltar Open"]
[Site "Caleta ENG"]
[Date "2012.01.27"]
[Round "4.93"]
[White "Puroila, Sippo"]
[Black "Lind, Jan-Olof"]
[Result "0-1"]
[WhiteElo "1906"]
[BlackElo "2219"]
[WhiteFideId "504572"]
[BlackFideId "1701193"]
[EventDate "2012.01.24"]

1. e4 c5 2. c4 Nc6 3. Nc3 g6 4. Nge2 Bg7 5. g3 Ne5 6. Nf4 d6 7. h3 Bd7 8. d3 Nf6
9. Bg2 O-O 10. O-O Rb8 11. Rb1 a6 12. Nfd5 e6 13. Ne3 Nc6 14. Nc2 Ne8 15. Be3
Nd4 16. f4 Nc7 17. Bf2 e5 18. Nxd4 cxd4 19. Nd5 Nxd5 20. cxd5 f5 21. Be1 Bh6 22.
Bd2 Bb5 23. Qe2 fxe4 24. Bxe4 exf4 25. Bxf4 Bxf4 26. Rxf4 Rxf4 27. gxf4 Bd7 28.
Kh2 Qf6 29. Rf1 Rc8 30. Qg2 Bf5 31. Rg1 Re8 32. Re1 Kh8 33. Qf3 Rc8 34. Qf2 Bd7
35. Rf1 Ba4 36. Qg3 Bd7 37. Qf2 a5 38. a3 b6 39. Qd2 Qh4 40. Qg2 Ba4 41. Rf2 Bd7
42. Rf1 b5 43. Rf2 Bxh3 44. Qg3 Qxg3+ 45. Kxg3 Bd7 46. Rh2 Kg7 47. Re2 b4 48.
axb4 axb4 49. Bf3 Kf6 50. Re4 Rc2 51. Rxd4 Rxb2 52. Rc4 b3 53. Rb4 Rb1 54. Be4
Bf5 55. Rb6 b2 56. Kh2 Rf1 57. Rxb2 Bxe4 58. dxe4 Rxf4 59. Rb7 Rxe4 60. Rxh7 Ke5
61. Rg7 Rg4 62. Kh3 Rg1 0-1

[Event "Gibraltar Open"]
[Site "Caleta ENG"]
[Date "2012.01.27"]
[Round "4.96"]
[White "Vanparys, Philip"]
[Black "Zachariassen, John"]
[Result "1-0"]
[WhiteElo "2174"]
[BlackElo "1949"]
[WhiteFideId "202975"]
[BlackFideId "1405535"]
[EventDate "2012.01.24"]

1. c4 e5 2. g3 Nf6 3. Bg2 Be7 4. Nf3 d6 5. d4 Nbd7 6. Nc3 c6 7. Qc2 Qc7 8. O-O
O-O 9. Rb1 Nh5 10. e4 h6 11. Be3 g5 12. b4 Ng7 13. Nd2 Nf6 14. f3 Nfh5 15. d5 f5
16. Bf2 f4 17. g4 Nf6 18. Rfc1 Bd7 19. c5 Qc8 20. Nc4 Nfe8 21. dxc6 Bxc6 22. b5
Bd7 23. Nd5 Bd8 24. cxd6 Bxg4 25. fxg4 f3 26. Nxe5 Qxc2 27. Rxc2 fxg2 28. Nc4
Ne6 29. Be3 Nf6 30. Nxf6+ Bxf6 31. e5 Bg7 32. Kxg2 1-0

[Event "Gibraltar Open"]
[Site "Caleta ENG"]
[Date "2012.01.27"]
[Round "4.97"]
[White "Dimitrijevic, Dragan"]
[Black "Adnani, Mokhlis"]
[Result "0-1"]
[WhiteElo "1937"]
[BlackElo "2386"]
[WhiteFideId "822310"]
[BlackFideId "9000100"]
[EventDate "2012.01.24"]

1. d4 e6 2. c4 Nf6 3. g3 c5 4. Nf3 cxd4 5. Nxd4 Nc6 6. Nb5 Bb4+ 7. Bd2 Bc5 8. e3
a6 9. N5a3 d5 10. Bg2 d4 11. e4 e5 12. O-O Bg4 13. Bf3 Be6 14. Bg5 h6 15. Bxf6
Qxf6 16. Bg4 h5 17. Bxe6 Qxe6 18. Kg2 h4 19. g4 h3+ 20. Kh1 O-O-O 21. Nd2 Rh6
22. Nc2 Rf6 23. f3 d3 24. Ne1 Be3 25. Rc1 Bxd2 26. Qxd2 Qxg4 27. Rg1 Qf4 28. Rd1
g6 29. Rg3 Qh4 30. Qe3 Rfd6 31. Rxd3 Rd4 32. b3 Qf4 33. Qe2 Nb4 34. Rxd4 exd4
35. Nd3 Nxd3 36. Qxd3 Qe3 37. f4 Qxf4 38. Rxh3 Re8 39. Rf3 Qxe4 40. Kg1 f5 41.
Qf1 Rh8 42. Qd3 Rh4 43. Rg3 Rf4 44. Qd1 Qe6 45. Qd2 Re4 46. Kf1 f4 47. Rd3 Qe5
48. b4 g5 49. Qd1 Kb8 50. a4 f3 51. Rd2 Qe6 52. Kf2 Qg4 53. Qg1 Re2+ 54. Rxe2
Qxg1+ 55. Kxg1 fxe2 56. Kf2 d3 57. Ke1 Kc7 58. c5 Kc6 0-1

[Event "Gibraltar Open"]
[Site "Caleta ENG"]
[Date "2012.01.27"]
[Round "4.98"]
[White "Schiendorfer, Emanuel"]
[Black "Reppen, Ellisiv"]
[Result "1-0"]
[WhiteTitle "FM"]
[WhiteElo "2354"]
[BlackElo "1948"]
[WhiteFideId "1309889"]
[BlackFideId "1504959"]
[EventDate "2012.01.24"]

1. d4 Nf6 2. c4 c5 3. d5 b5 4. cxb5 a6 5. b6 g6 6. Nc3 Qxb6 7. e4 d6 8. Nf3 Bg7
9. Nd2 O-O 10. a4 Nbd7 11. a5 Qc7 12. Be2 Rb8 13. O-O Bb7 14. Nc4 Rfd8 15. Bf4
Ne5 16. Bxe5 dxe5 17. Qc2 Ne8 18. Nb6 Nd6 19. Nca4 e6 20. Qxc5 Qe7 21. dxe6 Qxe6
22. f3 Bf8 23. Qe3 Nb5 24. Bxb5 axb5 25. Nc5 Bxc5 26. Qxc5 Rd2 27. Rf2 Rbd8 28.
Rxd2 Rxd2 29. a6 Bxe4 30. fxe4 Rxg2+ 31. Kxg2 Qg4+ 32. Kf2 Qh4+ 33. Ke2 Qxe4+
34. Qe3 Qc2+ 35. Ke1 Qxb2 36. Rd1 Qb4+ 37. Kf1 1-0

[Event "Gibraltar Open"]
[Site "Caleta ENG"]
[Date "2012.01.27"]
[Round "4.99"]
[White "Helin, Mikael"]
[Black "Yurenok, Maria S"]
[Result "0-1"]
[BlackTitle "WFM"]
[WhiteElo "1935"]
[BlackElo "2109"]
[WhiteFideId "1703838"]
[BlackFideId "409359"]
[EventDate "2012.01.24"]

1. e4 Nf6 2. Nc3 d5 3. d4 Nxe4 4. Nxe4 dxe4 5. f3 e5 6. Be3 exd4 7. Qxd4 Qxd4 8.
Bxd4 Nc6 9. Bb5 Bd7 10. Bc3 exf3 11. Nxf3 O-O-O 12. O-O-O f6 13. a3 Bd6 14. h3
h5 15. Rhf1 Bg3 16. Kb1 Rhe8 17. Bd3 Re7 18. Bg6 Rh8 19. Bd3 Ne5 20. Bxe5 fxe5
21. Ng5 Bf4 22. Ne4 b6 23. Nc3 c6 24. Rde1 Bd2 25. Re2 Bxc3 26. bxc3 c5 27. Rfe1
Bc6 28. Bf5+ Kc7 29. g4 h4 30. Rxe5 Rxe5 31. Rxe5 Re8 32. Rxe8 Bxe8 33. Kc1 Bc6
34. Kd2 Bg2 35. g5 Kd6 36. Ke3 Ke5 37. Bc8 Be4 38. Bg4 Bxc2 39. Bc8 Bf5 40. Bb7
Bxh3 41. Kf3 Be6 42. Be4 Bd5 43. Bxd5 Kxd5 44. Kg4 g6 45. Kxh4 b5 46. Kg4 Ke4
47. Kg3 a5 48. Kf2 b4 49. cxb4 cxb4 50. axb4 axb4 51. Ke2 Kf4 52. Kd3 Kxg5 53.
Kc4 Kf4 0-1

[Event "Gibraltar Open"]
[Site "Caleta ENG"]
[Date "2012.01.27"]
[Round "4.100"]
[White "Magar, Johannes"]
[Black "Patola, Eero"]
[Result "1/2-1/2"]
[WhiteElo "2088"]
[BlackElo "1939"]
[WhiteFideId "4648943"]
[BlackFideId "504092"]
[EventDate "2012.01.24"]

1. e4 c5 2. Nf3 e6 3. d3 d5 4. Nbd2 Nc6 5. g3 Nf6 6. Bg2 Be7 7. O-O O-O 8. c3 d4
9. e5 Ng4 10. Qe2 dxc3 11. bxc3 Qc7 12. d4 Rd8 13. Ne4 f5 14. exf6 Nxf6 15. dxc5
Nxe4 16. Qxe4 Rd5 17. Be3 Ne5 18. Bd4 Nxf3+ 19. Bxf3 Bxc5 20. Qh4 Bxd4 21. Bxd5
Bf6 22. Qc4 Qxc4 23. Bxc4 Bxc3 24. Rac1 Ba5 25. Rfd1 Kf7 26. Bb3 Ke7 27. Rc5 Bb6
28. Re5 Bc7 29. Rh5 h6 30. Re1 Bd7 31. Rh4 Rf8 32. Bd5 b5 33. Rhe4 Rf6 34. R4e2
a5 35. Rc1 Kd6 36. Be4 Bb6 37. Rd2+ Ke7 38. Bc6 Bxc6 39. Rxc6 e5 40. Rc8 b4 41.
Rb8 Rc6 42. Ra8 Rf6 43. Re2 Re6 44. Rc2 Rd6 45. Kg2 g5 46. Re2 Re6 47. Re4 Kd6
48. f4 gxf4 49. gxf4 Rg6+ 50. Kf3 exf4 51. Rxf4 Re6 52. Rf5 Kc6 53. Rc8+ Kb7 54.
Rc2 b3 55. axb3 Re3+ 56. Kg4 Rxb3 57. Rc4 Rb2 58. h4 Ka6 59. Kh5 Rb5 60. Rxb5
Kxb5 61. Re4 Bd8 62. Kxh6 Bxh4 63. Rxh4 a4 64. Kg5 a3 65. Rh8 Kb4 66. Ra8 Kb3
67. Kf4 a2 68. Ke3 Kb2 1/2-1/2

[Event "Gibraltar Open"]
[Site "Caleta ENG"]
[Date "2012.01.27"]
[Round "4.102"]
[White "Van Diermen, Arie"]
[Black "Peltomaki, Jarmo"]
[Result "1-0"]
[WhiteElo "1904"]
[BlackElo "2051"]
[WhiteFideId "1009710"]
[BlackFideId "507148"]
[EventDate "2012.01.24"]

1. e4 c5 2. Nc3 g6 3. g3 Bg7 4. Bg2 Nc6 5. f4 d6 6. Nf3 Nh6 7. O-O O-O 8. h3 f5
9. d3 Rb8 10. a4 Nf7 11. exf5 Bxf5 12. g4 Bd7 13. Ne4 e5 14. c3 Qb6 15. f5 gxf5
16. gxf5 Bxf5 17. Nh4 Bg6 18. Nxg6 hxg6 19. Qg4 Ne7 20. Qe6 c4+ 21. Kh2 Rbe8 22.
Ng5 Nf5 23. Qxg6 Nxg5 24. Bxg5 Ne3 25. Bf6 Nxf1+ 26. Rxf1 Rxf6 27. Qxe8+ Rf8 28.
Bd5+ Kh7 29. Qh5+ Bh6 30. Rxf8 Kg7 31. Qf7# 1-0

[Event "Gibraltar Open"]
[Site "Caleta ENG"]
[Date "2012.01.27"]
[Round "4.104"]
[White "Knudsen, Jes West"]
[Black "Campos Calvo-Sotelo, Juan"]
[Result "1-0"]
[WhiteElo "1892"]
[BlackElo "2028"]
[WhiteFideId "1405985"]
[BlackFideId "2251540"]
[EventDate "2012.01.24"]

1. e4 e6 2. d3 b5 3. g3 Bb7 4. Bg2 f5 5. Nh3 Nf6 6. O-O fxe4 7. Nc3 Be7 8. Nxe4
Nxe4 9. dxe4 O-O 10. Qe2 Qe8 11. Re1 a6 12. Be3 Nc6 13. Rad1 Ne5 14. b3 Rd8 15.
f4 Ng6 16. Nf2 Bb4 17. Rf1 d6 18. Nd3 Bc3 19. b4 d5 20. e5 d4 21. Bxb7 dxe3 22.
Bg2 Qe7 23. Kh1 Bd2 24. a3 a5 25. bxa5 Bxa5 26. Qxe3 Bb6 27. Qc1 Rd4 28. Bc6 Qd8
29. Nb4 Ne7 30. Bf3 c5 31. Rxd4 cxd4 32. Qb2 Qc7 33. Rd1 g5 34. Nd3 gxf4 35.
gxf4 Nf5 36. Qxb5 Ne3 37. Rg1+ Kh8 38. Qb4 Rd8 39. Qb3 Nd5 40. f5 Rf8 41. Bxd5
exd5 42. Qxd5 Ba7 43. f6 Bb8 44. Qg2 Re8 45. e6 1-0

[Event "Gibraltar Open"]
[Site "Caleta ENG"]
[Date "2012.01.27"]
[Round "4.105"]
[White "Andersen, Daniel"]
[Black "Mortensen, Henrik"]
[Result "0-1"]
[WhiteTitle "FM"]
[WhiteElo "1884"]
[BlackElo "2012"]
[WhiteFideId "1402714"]
[BlackFideId "1401424"]
[EventDate "2012.01.24"]

1. c4 c5 2. Nf3 Nc6 3. d4 cxd4 4. Nxd4 Nf6 5. Nc3 g6 6. g3 d6 7. Nxc6 bxc6 8.
Bg2 Bd7 9. e4 Bg7 10. h3 O-O 11. Be3 Be6 12. Qd3 Qa5 13. O-O Nd7 14. f4 Nc5 15.
Qe2 Qb4 16. Rfc1 Bxc4 17. a3 Qxc3 0-1

[Event "Gibraltar Open"]
[Site "Caleta ENG"]
[Date "2012.01.27"]
[Round "4.106"]
[White "Hamer, Martyn"]
[Black "Boesch, Heinz"]
[Result "1-0"]
[WhiteElo "2010"]
[BlackElo "1904"]
[WhiteFideId "413160"]
[BlackFideId "4673824"]
[EventDate "2012.01.24"]

1. e4 c5 2. c3 d5 3. exd5 Qxd5 4. Nf3 Nc6 5. d4 Bg4 6. dxc5 Qxd1+ 7. Kxd1 e5 8.
b4 Nf6 9. Kc2 Bf5+ 10. Kb2 Ng4 11. Be3 f6 12. Na3 Nxe3 13. fxe3 a5 14. Bb5 Be7
15. Nc4 O-O 16. a3 Be6 17. Nb6 Rad8 18. Rhd1 g5 19. Bc4 Bxc4 20. Nxc4 g4 21.
Nfd2 f5 22. Nb3 f4 23. Rxd8 Rxd8 24. exf4 a4 25. Nbd2 exf4 26. Rf1 Ne5 27. Kc2
Nxc4 28. Nxc4 Bg5 29. Nd6 Rd7 30. Ne4 h6 31. h3 gxh3 32. gxh3 Re7 33. Kd3 Rd7+
34. Kc4 Re7 35. Kd5 Kf8 36. h4 Rd7+ 37. Nd6 Bf6 38. Ke6 1-0

[Event "Gibraltar Open"]
[Site "Caleta ENG"]
[Date "2012.01.27"]
[Round "4.107"]
[White "Bernula, Istvan"]
[Black "Pasanen, Tuomo"]
[Result "0-1"]
[WhiteElo "1880"]
[BlackElo "2008"]
[WhiteFideId "745499"]
[BlackFideId "508063"]
[EventDate "2012.01.24"]

1. e4 c6 2. d4 d5 3. Nc3 dxe4 4. Nxe4 Nd7 5. Nf3 Ngf6 6. Ng3 e6 7. Bd3 Bd6 8.
Bd2 b6 9. Qe2 Qe7 10. Ne5 Bxe5 11. dxe5 Nd5 12. a3 Bb7 13. f4 Qh4 14. O-O Nc5
15. Ne4 Nxe4 16. Bxe4 O-O-O 17. c4 Nc7 18. Be3 g5 19. g3 Qh6 20. fxg5 Qg7 21.
Qg2 Rd7 22. Bf4 Rhd8 23. b4 Rd4 24. Bxc6 Bxc6 25. Qxc6 Qg6 26. c5 Rc4 27. Rac1
Qd3 28. Rxc4 Qxc4 29. Rc1 Qd4+ 30. Kf1 b5 31. Qf3 Qb2 32. c6 Qxh2 33. Qg2 Qh5
34. g4 Qg6 35. Qe2 Rd4 36. Be3 Re4 37. Qf3 Nd5 38. Re1 Rc4 39. Kg1 Rc3 40. Qf2
Qe4 41. Bf4 Qxf4 42. Qxf4 Nxf4 43. Rf1 Rg3+ 44. Kf2 Rxg4 45. Kf3 Rxg5 46. Rh1
Nh5 47. Rd1 Rf5+ 48. Kg4 Kc7 49. Rd7+ Kxc6 50. Rxa7 Nf4 51. Ra6+ Kb7 52. Ra5 Kb6
53. Ra8 Ng6 54. Rb8+ Ka6 55. Ra8+ Kb7 56. Ra5 Nxe5+ 57. Kg3 Nc4 0-1